000 00613nam a2200229Ia 4500
003 OSt
005 20220924151926.0
006 a|||||r|||| 00| 0
007 ta
008 220923b |||||||| |||| 00| 0 mar d
024 _a339981
037 _cTextual
040 _aARTS
_cARTS
_bmar
041 _2mar
_amar
082 _aO155,2:g, L6
100 _aKulkarni Arnivd Vaman
_9225318
245 0 _aMarathi natyalekhan tantrachi vaatchaal
260 _c1976
650 _aMARATHI LITERATURE
_938000
942 _hO155,2:g, L6
_cTEXL
_2CC
999 _c468107
_d468107